00477nam a2200169 a 4500008004100000020001500041050001900056100001900075245003900094250001200133260004800145300002000193350000900213500005100222650001200273700002200285120416s1984 ||||||||||||||||| || u a0697082466 aHF 5438.25 Man aReece, Barry L10aSelling today: a personal approach a2nd ed. aDubuque, Iowa:bW.C. Brown Publishersc1984 axvi, 506p.: ill a0.00 aIncludes bibliographical references and index. 0aSELLING aManning, Gerald L